01397nam a2200277 a 4500001001000000003000900010005001700019007000300036008004100039040003000080041000800110082003100118100004400149245006700193250002200260264004300282300002100325590002700346600005900373910003700432942001400469952014800483952020900631952026200840999001701102000033468DO-SdBNP20260321073642.0ta091209s1961 ve 000 0 spa d aDO-SdBNPbspacBNPHUerda hspa 4a972.93053bB742t, 19612221 a Bosch, Juan, d1909-2001eautor97655510aTrujillo :bcausas de una tiranía sin ejemplo /cJuan Bosch. aSegunda edición aCaracas :bEditora desconocida,c1961. a199 p. ;c19 cm. aInventariado, 2019/ YL10aTrujillo Molina, Rafael Leónidas,d 1891-1961976764 aValidado. Control de calidad MFF 2ddccLBS1 00102ddc51708RVaBNPHUbBNPHUcHDd2015-02-19l0oBNPHU DS 972.93053 B742t 1961p33468-20r2020-06-25te. 2w2020-06-25yLBS1ZNo se presta 00102ddc51708RVaBNPHUbBNPHUcHDd2011-08-30l0oBNPHU DS 972.93053 B742t 1961p33468-10r2020-06-25w2020-06-25y1zPerteneció a la biblioteca personal de Carlos Larrazábal Blanco.ZNo se presta 00102ddc56708DSaBNPHUbBNPHUcHDd2025-02-04eDonado por la Presidencia de la República Dominicana 2023l0oBNPHU DS 972.93053 B742t 1961p2025-0685r2025-02-04te.3w2025-02-04yLBS1zPertenecio a la biblioteca personal de René Rodríguez Soriano c32959d32959